000 00567nam a2200181Ia 4500
003 GCL
008 140319s9999 xx 000 0 ara d
040 _aGCL /
_cGCL
082 0 4 _a811.4
_bص ا
100 1 _aصلاح مصلحى عبد الله
245 1 0 _aالتقليد والتجديد فى الشعر العباسى /
_cصلاح مصلحى عبد الله
260 _a[S.N] :
_bدار المعرفة الجامعية ،
_c1991
300 _a237 ص
490 _a
650 0 4 _aالشعر العربى
650 0 4 _aتاريخ ونقد
942 _2ddc
_cBK
999 _c52891
_d52891